00949cam a2200241 p 450000100100000000500170001000800410002702000150006804000250008308200170010810000270012524501210015226000410027330000340031449000300034850400510037865100530042965000340048270000220051683000370053895201150057599900170069000001627320250701132841.0790907s19811973sp b 001 0 spa  a8432301078 aDO-SdBNPbspacBNPHU a330.9bS958s1 aSunkel, Osvaldo93618813aEl subdesarrollo latinoamericano y la teoría del desarrollo /cOsvaldo Sunkel, con la colaboración de Pedro Paz. aMéxico :bSiglo Veintiuno ,c1981. aviii, 385 p. :bil. ;c23 cm.1 aEconomía y demografía aIncludes bibliographical references and index. 4aAmérica LatinaxCondiciones Económicas95778 0aDesarrollo económico9855481 aPaz, Pedro930938 0aEconomía y demografía930740 001050718MOaGRbGRcHDd2010-03-02iLF1l0o330.9 S958sp16273-10r2020-06-25w2020-06-25y1ZNo se presta c15809d15809